[Event "Mecklenburg VP-ch U18"]
[Site "Greifswald"]
[Date "2003.02.16"]
[Round "7"]
[White "Schartmann, Daniel"]
[Black "Irre, Felix"]
[Result "1-0"]
[WhiteElo "1394"]
[BlackElo "1150"]
[PlyCount "45"]
[EventDate "2003.02.??"]
[EventType "swiss"]
[EventRounds "7"]
[EventCountry "GER"]
[SourceTitle "EXT 2005"]
[Source "ChessBase"]
[SourceDate "2004.11.15"]
[SourceVersion "1"]
[SourceVersionDate "2004.11.15"]
[SourceQuality "1"]

1. d4 d5 2. Nf3 Nc6 3. Bg5 f6 4. Bh4 e6 5. e3 Be7 6. Nbd2 e5 7. dxe5 fxe5 8. Bg3 Bf6 9. Bb5 Qe7 10. 0-0 Bg4 11. h3 Bh5 12. Be2 Bxf3 13. Nxf3 e4 14. Nd4 Nxd4 15. exd4 0-0-0 16. c4 Qb4 17. cxd5 Qxb2 18. Rc1 c6 19. Bg4+ Rd7 20. dxc6 bxc6 21. Rxc6+ Kd8 22. Bxd7 Kxd7 23. Qa4 1-0